Hviezdy v Košiciach nezhasli

Bibliographic Details
Main Author: PaF (Author)
Corporate Author: Slovenské technické múzeum. Planetárium (Author)
Format: Article
Language:Slovak
Subjects:

MARC

LEADER 00000nab a2200000 a 4500
001 vtls000892462
003 SK-MaSNL
005 20260303192056.0
008 040720e19940926xo 0 slo
035 |a KE1499 
040 |a KEVKJB  |b slo  |c KEVKJB  |e AACR2 
041 0 |a slo 
044 |a xo  |c SK 
080 |a 520.1  |2 1981 
100 0 |a PaF  |4 aut  |9 1222183 
245 1 0 |a Hviezdy v Košiciach nezhasli 
610 2 7 |a Slovenské technické múzeum.  |b Planetárium  |2 SNKKA  |9 233710 
650 0 7 |a programy výchovné  |2 KEVKJB  |9 885273 
651 7 |a KE,  |2 KEVKJB  |9 877256 
655 7 |a periodikum  |2 snkbucl  |9 29553 
710 2 |a Slovenské technické múzeum.  |b Planetárium  |4 aut  |9 233710 
773 0 8 |t Nový čas  |g Roč. 4  |g Roč. 28, č.222, 26.9.1994, s. 10-11 
852 |a ZVYKNI  |b KIS3GCP 
999 |c 2144331  |d 2146261